000 01210nam a22003497a 4500
003 CHAP
005 20220329134427.0
008 971013s1983 r 00010 d
010 _a20348
011 _a21320
035 _a25410
040 _cCHAP
090 _aTesis
100 0 0 _aArellano Dávila, Eduardo.
_96899
245 _aDinámica poblacional de Phyllophaga crinita (Burmeiste) capturadas con lámpara trampa, Marín, N.L.
260 _aMarín, N.L. :
_bEl autor,
_c1983
300 _a63 h.
_b; gráfs
502 _aTesis (Ing. Agrónomo Parasitólogo) -- Univ. Autónoma de Nuevo León. Fac. de Agronomía
590 _aALEPH
_b10
_c20130110
_lUCH01
_h1243
590 _aBATCH-UPD
_b10
_c20130110
_lUCH01
_h0156
590 _aBATCH-UPD
_b10
_c20130110
_lUCH01
_h1928
590 _aBATCH-UPD
_b10
_c20130409
_lUCH01
_h2159
590 _aBATCH-UPD
_b10
_c20130410
_lUCH01
_h1253
590 _aBATCH-UPD
_b10
_c20130914
_lUCH01
_h0353
590 _aCONVERSION
_b10
_c20130109
_lUCH01
_h1312
650 1 4 _aLuz
_xEfecto en insectos.
_969235
650 1 4 _aMaíz
_xPlagas.
_971034
650 1 4 _aPhyllophaga crinita.
_987882
901 _aBK
942 _cTESIS
949 _bBC
_cTES
_d-58536
_eTS1
_h19132
_i25410
_si
999 _c20348
_d20348